| 000 | 00411nam a2200145Ia 4500 | ||
|---|---|---|---|
| 005 | 20250804150444.0 | ||
| 008 | 231207s9999 xx 000 0 und d | ||
| 040 | _cPK-LaNCA | ||
| 082 |
_aMAVA 305.42 _bMAN |
||
| 100 | _aNeelam Hussain | ||
| 245 | 0 | _aReinventing women : representation of women in media during the Zia years | |
| 260 |
_bA Simorgh Publication _aLahore _c1997 |
||
| 300 | _a106p | ||
| 942 | _cMA-VA | ||
| 999 |
_c11417 _d11417 |
||